| Поле | Название | Значение |
| |
Тип записи |
a |
| |
Библиографический уровень |
m |
| 001 |
Контрольный номер |
RU/ГПНТБ России/IBIS/36.83/Б 300-466250756 |
| 005 |
Дата корректировки |
20260610152532.6 |
| 010 |
Индекс ISBN |
__ |
| a |
ISBN |
978-5-00167-798-7 |
| b |
Уточнения |
в пер. |
| 9 |
Тираж |
5000 |
| 100 |
Данные общей обработки |
__ |
| a |
Данные общей обработки |
20260610d2026 cdey0rusy0250 ca |
| 101 |
Язык документа |
0_ |
| a |
Язык текста |
rus |
| 102 |
Страна публикации |
__ |
| a |
Страна публикации |
RU |
| 105 |
Кодированные данные (монография) |
__ |
| a |
Кодированные данные (монография) |
a z 000yy |
| 181 |
Поле кодированных данных: вид содержания |
_0 |
| a |
Код вида содержания (ISBD) |
i |
| 182 |
Поле кодированных данных: тип средства |
_0 |
| a |
Код типа средства (ISBD) |
n |
| 200 |
Заглавие и сведения об ответственности |
1_ |
| a |
Заглавие |
Хлеб. Вкус мира |
| e |
Сведения, относящиеся к заглавию |
[для младшего, среднего и старшего школьного возраста] |
| f |
Первые сведения об ответственности |
Мария Бахарева |
| g |
Последующие сведения об ответственности |
нарисовала Аня Десницкая |
| 203 |
Вид содержания и тип средства |
__ |
| c |
Тип средства |
непосредственный |
| a |
Вид содержания |
Текст |
| 210 |
Выходные данные |
1_ |
| a |
Место издания |
Москва |
| c |
Издательство |
Самокат |
| d |
Дата издания |
2026 |
| 215 |
Физическое описание |
__ |
| a |
Объем |
81 с. |
| c |
Иллюстрации/тип воспроизводства |
цв. ил. |
| d |
Формат |
31 см |
| 333 |
Примечание о целевом назначении |
__ |
| a |
Примечание о целевом назначении |
информационная продукция для детей, достигших возраста шести лет |
| 333 |
Примечание о целевом назначении |
__ |
| a |
Примечание о целевом назначении |
для детей младшего возраста, 5-10 лет |
| 333 |
Примечание о целевом назначении |
__ |
| a |
Примечание о целевом назначении |
для детей среднего возраста, 9-14 лет |
| 333 |
Примечание о целевом назначении |
__ |
| a |
Примечание о целевом назначении |
для юношества, возраст 14-20 лет |
| 517 |
Другие варианты заглавия |
1_ |
| a |
Другие варианты заглавия |
Вкус мира |
| 606 |
Тематические рубрики |
__ |
| a |
Основная рубрика |
Хлеб и хлебобулочные изделия |
| j |
Формальный подзаголовок |
Издания для детей |
| 2 |
Код системы |
nlr_sh |
| 686 |
Индексы других классификаций |
__ |
| 2 |
Код системы |
rubbk |
| a |
Классификационный индекс |
36.83 |
| 700 |
Автор |
_1 |
| a |
Фамилия |
Бахарева |
| b |
Имя |
М. |
| g |
Полное личное имя |
Мария |
| 4 |
Код отношения |
070 |
| 702 |
Вторичная интеллектуальная ответственность |
_1 |
| a |
Фамилия |
Десницкая |
| b |
Имя |
А. |
| g |
Полное личное имя |
Аня |
| 4 |
Код отношения |
440 |
| 801 |
Источник записи |
_0 |
| b |
Организация |
ГПНТБ России |
| a |
Страна |
RU |
| c |
Дата составления |
20260610 |
| 801 |
Источник записи |
_1 |
| b |
Организация |
ГПНТБ России |
| a |
Страна |
RU |
| c |
Дата составления |
20260610 |
| 852 |
Данные о местонахождении |
5_ |
| a |
Наименование организации |
ГПНТБ России |
| m |
Суффикс шифра хранения |
11106105 |
| b |
Сигла хранения |
ЦГБ |
| j |
Шифр хранения |
36.83 |
| p |
Инвентарный номер |
RU |
| 899 |
Данные о местонахождении |
__ |
| a |
Местонахождение |
ГПНТБ России |
| p |
Штрих-код |
11106105 |
| b |
Место хранения |
ЦГБ |
| h |
Классификационная часть РШ |
36.83 |
| i |
Авторский знак |
Б 300 |
| 901 |
Тип документа |
__ |
| a |
Ответственный |
заим. |